FC Barcelona - 2008/09 - Statystyki

Ogólne statystyki
  • Ten quiz został rozwiązany 583 razy
  • Średni wynik to 8 z 11
Statystyki odpowiedzi
Skład Piłkarz % Poprawnych
Napastnik Messi
99%
Pomocnik Iniesta
93%
Pomocnik Xavi
93%
Obrońca Puyol
88%
Bramkarz Valdes
88%
Obrońca Pique
84%
Napastnik Eto
81%
Pomocnik Busquets
74%
Napastnik Henry
60%
Obrońca Toure
18%
Obrońca Sylvinho
9%
Nie znaleziono quizów pasujących do podanych kryteriów
Rozkład punktacji
Procent ludzi z każdym wynikiem
Percentyl według liczby udzielonych odpowiedzi
Twoja historia wyników
Nie rozwiązałeś tego quizu